| 000 | 00368nam a22001577a 4500 | ||
|---|---|---|---|
| 999 |
_c9036 _d9036 |
||
| 003 | OSt | ||
| 008 | 200715b ||||| |||| 00| 0 eng d | ||
| 020 | _a9789386353559 | ||
| 100 | _aNaik ,S.R. | ||
| 245 | _aBasic Pharmacology & Pharmacotherapeutics | ||
| 250 | _a2018 | ||
| 260 |
_aNew Delhi _bNirali |
||
| 300 | _aPg-967 | ||
| 650 | _aPharmacology | ||
| 942 |
_2ddc _cBK |
||